NATO, severná Afrika a Blízky východ - nové výzvy, staré prístupy

NATO ako primárny ochranca euroatlantickej bezpečnosti. Účasť NATO na ukončení vojny v Juhoslávii v rokoch 1991-1995. Zlomový bod po 11. septembri 2001. Limity NATO. Vnímanie Aliancie v moslimskom svete. Nepripravenosť na Arabskú jar. NATO v Líbyi. Pozornosť a kapacity NATO sústredené na Afganistan.

Salvato in:
Dettagli Bibliografici
Autore principale: Nagyné Rózsa, Erzsébet
Altri autori: Marsai, Viktor
Natura: Capitolo di libro
Lingua:slovacco
Soggetti:
Tags: Aggiungi Tag
Nessun Tag, puoi essere il primo ad aggiungerne!!

MARC

LEADER 00000naa a2200000 4500
001 0162395
005 20231018094342.8
041 0 |a slo 
044 |a SK 
245 1 0 |a NATO, severná Afrika a Blízky východ - nové výzvy, staré prístupy  |c Erzsébet Nagyné Rózsa, Viktor Marsai 
520 |a NATO ako primárny ochranca euroatlantickej bezpečnosti. Účasť NATO na ukončení vojny v Juhoslávii v rokoch 1991-1995. Zlomový bod po 11. septembri 2001. Limity NATO. Vnímanie Aliancie v moslimskom svete. Nepripravenosť na Arabskú jar. NATO v Líbyi. Pozornosť a kapacity NATO sústredené na Afganistan. 
610 2 0 |a sily ozbrojené 
610 2 0 |a organizácie medzinárodné 
610 2 0 |a bezpečnosť medzinárodná 
610 2 0 |a spolupráca medzinárodná 
610 2 0 |a politika medzinárodná 
610 2 0 |a USA 
610 2 0 |a Blízky východ 
610 2 0 |a Afrika 
100 1 |a Nagyné Rózsa, Erzsébet 
700 1 |a Marsai, Viktor